000 00982nam a22002417a 4500
005 20240530110529.0
008 160313s2013 ua f 000 0 ara d
017 _a2012/498 (ج 1 )
_a2012/4836 (ج 2)
_bمصر . دار الكتب المصرية
020 _a9770597724 ( ج 1 )
020 _a9770597736 ( ج 2 )
040 _aEG-CaGPL
082 0 4 _221
_a616.8907\
_bس ك
100 0 _aسامية القطان
245 1 0 _aكيف تقوم بالدراسة الكلينيكية /
_cتاليف سامية القطان ؛ تقديم و مراجعة صلاح مخيمر
260 _aالقاهرة :
_bمكتبة الانجلو المصرية ،
_c2013 .
300 _a2 جزء ؛
_c24 سم .
650 0 4 _aعلم النفس
_xطرق القياس
650 0 4 _aعلم النفس العلاجى
650 0 4 _aالشخصية
_xاضرابات
700 0 _aصلاح مخيمر
_eمقدم و مراجع
942 _2ddc
_cBK
999 _c62051
_d62051